000 00465nam a2200157Ia 4500
008 170224s9999 xx 000 0 und d
100 _aC. S. H. N. Murthy
245 _aMindful journalism and news ethics in the digital era: a Buddhist approach
245 _cC. S. H. N. Murthy
260 _bAsian Journal of Communication
260 _c2016
300 _a26:5,Pages: 504-506
500 _a2016
650 _xCommunication Arts
650 _xMultimedia Arts
999 _c316241
_d316241